| 000 | 01082nam a2200277 4500 | ||
|---|---|---|---|
| 001 | 0000021658 | ||
| 003 | CO-CtgCURN | ||
| 005 | 20250828152810.0 | ||
| 008 | 160627s2003 000 0 eng d | ||
| 020 | _a9589687970 | ||
| 040 |
_aCO-CtgCURN _bspa _ccoctgcurn |
||
| 082 | 0 |
_a347.09 _bG151a |
|
| 100 | 1 | _aMorales Gamboa, Ernesto. | |
| 245 | 1 | 3 |
_aEl arbitraje en equidad / _cErnesto Gamboa Morales. |
| 260 |
_aBogotá : _bAcademia Colombiana de Jurisprudencia, _c2003. |
||
| 300 | _avi, 121 p. | ||
| 336 | _2rdacontent | ||
| 337 |
_2rdamedia _asin mediacion _bn |
||
| 338 |
_2rdacarrier _avolumen _bnc |
||
| 490 | 1 | _aColección portable | |
| 505 | 8 | _aAlgunas raices historicas del arbitraje en equidad.--La evolucion reciente del arbitraje en equidad en el derecho colombiano.--℗ʺQue es la equidad?.-- ℗ʺExiste un derecho aplicable en los fallos de equidad?.--Laudo en equidad y debido poceso | |
| 650 | 0 | _aArbitramento. | |
| 908 | _a160627 | ||
| 942 |
_cBK _h347.09 _iG151a _2ddc |
||
| 999 |
_c49799 _d49799 _x1 |
||